000 00437nam a22001817a 4500
003 MPLRDC
005 20220104143916.0
008 210129b ||||| |||| 00| 0 eng d
082 _a947.47 TZBEX-67 v.6
100 _a藤子不二雄
245 _a机器猫小叮当. 6
_c
250 _a初版
260 _a
_b阳铭
_c1988
300 _b
490 _a豪华版
650 _a哆啦A梦漫画
942 _cBK
_o947.47 TZBEX-67 v.6
999 _c44521
_d44511